Statistics for Bandwagon Quiz - St. Louis Cardinals

Click here to take the quiz!

General Stats

  • This quiz has been taken 26 times
  • The average score is 14 of 20

Answer Stats

HintAnswer% Correct
What ballpark do the Cardinals play in?Busch Stadium
100%
How many World Series titles do the Cardinals have?11
96%
What player is the only Cardinal to hit 700 home runs?Albert Pujols
92%
What is the name of the Cardinals' mascot?Fredbird
88%
Shortstop Ozzie Smith was famous for performing what move?Backflip
79%
What animal ran onto the field at Busch Stadium during the 2011 playoffs, sparking a World Series run?Squirrel
79%
What other MLB team has a fierce and long-standing rivalry with the Cardinals?Chicago Cubs
75%
What outfielder leads the Cardinals in all-time hits?Stan Musial
75%
What catcher won four consecutive Platinum Gloves from 2011-2015?Yadier Molina
75%
Who leads the Cardinals in all-time wins and strikeouts?Bob Gibson
71%
What player hit a game-tying triple and subsequent game-winning home run to win Game 6 of the 2011 World Series?David Freese
71%
What St. Louis landmark looms over the Cardinals' ballpark?Gateway Arch
67%
Who is the current manager of the Cardinals?Oliver Marmol
67%
What was the team called before the "Cardinals" in the 19th century?Browns
63%
What is the name of the Cardinals' Triple-A affiliate?Memphis Redbirds
63%
What pitcher won a Cy Young award with the Cardinals in 2005?Chris Carpenter
50%
What family has been the principal owners of the Cardinals for over 100 years?DeWitt
50%
What legendary broadcaster is in the Cardinals Hall of Fame?Jack Buck
46%
What player had a "Mad Dash" to home to win the 1946 World Series?Enos Slaughter
38%
What is the name given to the area near the ballpark in left field?Ballpark Village
33%

Score Distribution

Percentile by Number Answered

Percent of People with Each Score

Your Score History

You have not taken this quiz